00919nam a2200229 a 4500003000900000005001700009008004100026020001800067040002800085082001800113100002600131245011100157260010400268300003900372504004100411650005000452650003600502650005800538700003500596700003300631700002500664CO-ViMGA20230915233144.0160903b xxu||||| |||| 00| 0 eng d a9789587752717 aCO-ViMGAbspacCO-ViMGA04a634.44 bM28m1 aMesa C, Nora Cristina00aPrograma de manejo fitosanitario en mango en el Departamento del Valle del Cauca / cNora Cristina Mesa C. aCali : bUniversidad Nacional de Colombia Sede Palmira Facultad de Ciencias Agropecuarias : c2014. a54 páginas : bil, foto ; 28 cm. aIncluye referencias bibliográficas14aMangosx Cultivoz Valle del Cauca (Colombia)14aMangosx Enfermedades y plagas.14aMangosx Enfermedades y plagasx Control biológico.1 aGómez López, Eyder Daniel.1 aHernández, Carlos Alberto.1 aMena, Yuri Mercedes.